Để học tốt sinh học THCS 7

Sách là tài liệu tham khảo giúp giáo viên, học sinh trung học cơ sở có thêm tư liệu để dạy và học tốt hơn bộ môn Sinh học.

Saved in:
Bibliographic Details
Main Author: Nguyễn, Văn Sang
Format: Book
Language:Undetermined
Published: Hà Nội Giáo Dục 2006
Subjects:
Tags: Add Tag
No Tags, Be the first to tag this record!
Institutions: Trung tâm Học liệu Trường Đại học Cần Thơ
LEADER 00781nam a2200217Ia 4500
001 CTU_116209
008 210402s9999 xx 000 0 und d
020 |c 10000 
082 |a 570.0712 
082 |b S106/L.7 
100 |a Nguyễn, Văn Sang 
245 0 |a Để học tốt sinh học THCS 7 
245 0 |c Nguyễn Văn Sang, Nguyễn Thị Vân 
260 |a Hà Nội 
260 |b Giáo Dục 
260 |c 2006 
520 |a Sách là tài liệu tham khảo giúp giáo viên, học sinh trung học cơ sở có thêm tư liệu để dạy và học tốt hơn bộ môn Sinh học. 
650 |a Biology 
650 |x Study and teaching 
904 |i Tuyến 
980 |a Trung tâm Học liệu Trường Đại học Cần Thơ